Normal view
MARC view
- Franek, Frantisek
Entry Personal Name
001 - CONTROL NUMBER
- control field: 99316
003 - CONTROL NUMBER IDENTIFIER
- control field: NUST
005 - DATE AND TIME OF LATEST TRANSACTION
- control field: 20221006141309.0
008 - FIXED-LENGTH DATA ELEMENTS
- fixed length control field: 221006|| aca||aabn | a|a d
040 ## - CATALOGING SOURCE
- Original cataloging agency: NUST
- Transcribing agency: NUST
100 ## - HEADING--PERSONAL NAME
- Personal name: Franek, Frantisek
670 ## - SOURCE DATA FOUND
- Source citation: Work cat.: (NUST)179829: Franek, Frantisek., Memory as a programming concept in C and C++ /, c2004.
